Cours élémentaire de Chimie / (Record no. 84481)
[ view plain ]
| 000 -LEADER | |
|---|---|
| campo de control de longitud fija | 00482nam a2200169 i 4500 |
| 001 - NÚMERO DE CONTROL | |
| campo de control | 84481 |
| 003 - IDENTIFICADOR DE NÚMERO DE CONTROL | |
| campo de control | ES-MaACL |
| 005 - FECHA Y HORA DE LA ÚLTIMA TRANSACCIÓN | |
| campo de control | 20230906175024.0 |
| 007 - CAMPO FIJO DE DESCRIPCIÓN FÍSICA--INFORMACIÓN GENERAL | |
| campo de control de longitud fija | t| |
| 008 - DATOS DE LONGITUD FIJA--INFORMACIÓN GENERAL | |
| campo de control de longitud fija | 041123s1906 fr ||||1| fre d |
| 100 1# - ENTRADA PRINCIPAL--NOMBRE DE PERSONA | |
| Nombre de persona | Joannis, A. |
| 9 (RLIN) | 66680 |
| 245 10 - MENCIÓN DEL TÍTULO | |
| Título | Cours élémentaire de Chimie / |
| Mención de responsabilidad, etc. | par A. Joannis. |
| 250 ## - MENCION DE EDICION | |
| Mención de edición | 3eme éd. rev. et corr. |
| 260 ## - PUBLICACIÓN, DISTRIBUCIÓN, ETC. | |
| Lugar de publicación, distribución, etc. | Paris : |
| Nombre del editor, distribuidor, etc. | Ch. Béranger, |
| Fecha de publicación, distribución, etc. | 1906 ( |
| Lugar de fabricación/manufactura | Laval : |
| Fabricante | L. Barnéoud) |
| 300 ## - DESCRIPCIÓN FÍSICA | |
| Extensión | 872 p. : |
| Otras características físicas | il. ; |
| Dimensiones | 19 cm. |
| 852 ## - LOCALIZACIÓN | |
| Ubicación | ES-MaACL |
| Número de control de estantería | D-3024 |
| Estatus retirado | Estado de pérdida | Estado de daño | No para préstamo | Biblioteca de origen | Biblioteca actual | Ubicación en estantería | Fecha de adquisición | Fuente de adquisición | Total de préstamos | Signatura topográfica completa | Código de barras | Visto por última vez | Precio de reemplazo | Tipo de ítem Koha |
|---|---|---|---|---|---|---|---|---|---|---|---|---|---|---|
| Biblioteca del Ateneo de Madrid | Biblioteca del Ateneo de Madrid | Sala Valle Inclán | 17/01/2008 | D-3024 | 901088285 | 23/02/2023 | 23/02/2023 | Libro impreso |
